| 000 | 00000nam##2200000za#4500 |
| 001 | 9.647344 |
| 003 | CaOODSP |
| 005 | 20250319164517 |
| 007 | ta |
| 008 | 150407|1999||||xxc||||| f|0| 0 eng|d |
| 020 | |a0-662-27873-9 |
| 040 | |aCaOODSP|beng |
| 043 | |an-cn--- |
| 086 | 1 |aH88-3/26-1999E |
| 110 | 1 |aCanada. |bHealth Canada. |
| 245 | 10|aCommunicating with seniors : |badvice, techniques and tips / |cIssued by the Division of Aging and Seniors. |
| 260 | |aOttawa - Ontario : |bHealth Canada |c1999. |
| 300 | |a36p. : |breferences, tables ; |c28 cm. |
| 500 | |a"This publication aims to share what has been learned in the past decade, through research and practical experience, about communicating with seniors."--Page 2. |
| 520 | 3 |aThis publication aims to share what has been learned in the past decade, through research and practical experience, about communicating with seniors.--Page 2 |
| 563 | |aSoftcover |
| 590 | |a01-08|b2001-02-23 |
| 690 | 07|aSeniors|2gcpds |
| 690 | 07|aHealth promotion|2gcpds |
| 690 | 07|aStatus of the elderly|2gcpds |
| 775 | 08|tCommuniquer avec les aînés : |w(CaOODSP)9.680767 |
| 776 | 0#|tCommunicating with seniors : |w(CaOODSP)9.695574 |